[Event "Havana Guevara Memorial 1st"]
[Site "Havana"]
[Date "2007.06.10"]
[Round "7"]
[White "Coto Mederos, Michel"]
[Black "Rodriguez Hidalgo, Joan G"]
[Result "1-0"]
[WhiteElo "2281"]
[BlackElo "2132"]
[PlyCount "31"]
[EventDate "2007.06.04"]
[EventType "tourn"]
[EventRounds "11"]
[EventCountry "CUB"]
[SourceTitle "EXT 2019"]
[Source "ChessBase"]
[SourceDate "2018.10.10"]
[SourceVersion "1"]
[SourceVersionDate "2018.10.10"]
[SourceQuality "1"]

1. c4 Nf6 2. Nc3 e6 3. e4 Bb4 4. e5 Ng8 5. Qg4 g6 6. d4 d6 7. Bg5 Qd7 8. Nf3 Nc6 9. Rd1 Nce7 10. Bd3 Bxc3+ 11. bxc3 Qa4 12. 0-0 Bd7 13. Qh4 Bc6 14. d5 exd5 15. exd6 dxc4 16. Rde1 1-0

[Event "Havana Guevara Memorial 1st"]
[Site "Havana"]
[Date "2007.06.09"]
[Round "6"]
[White "Rodriguez Hidalgo, Joan G"]
[Black "Perez Perez, Osniel"]
[Result "1/2-1/2"]
[WhiteElo "2132"]
[BlackElo "2180"]
[PlyCount "116"]
[EventDate "2007.06.04"]
[EventType "tourn"]
[EventRounds "11"]
[EventCountry "CUB"]
[SourceTitle "EXT 2019"]
[Source "ChessBase"]
[SourceDate "2018.10.10"]
[SourceVersion "1"]
[SourceVersionDate "2018.10.10"]
[SourceQuality "1"]

1. e4 Nf6 2. d3 e5 3. Nf3 Nc6 4. g3 Bc5 5. Bg2 0-0 6. 0-0 d6 7. c3 a6 8. Nbd2 h6 9. a4 Be6 10. Re1 Ng4 11. Re2 f5 12. b4 Bb6 13. h3 f4 14. gxf4 Nxf2 15. Rxf2 Rxf4 16. Nc4 Bxf2+ 17. Kxf2 Rf7 18. Kg3 Ne7 19. Be3 Ng6 20. Ncd2 Qf6 21. Kh2 Nf4 22. Bxf4 Qxf4+ 23. Kh1 g5 24. Nf1 h5 25. Qd2 g4 26. Ng5 Qxd2 27. Nxd2 Rf2 28. Nxe6 Rxd2 29. hxg4 hxg4 30. Nxc7 Rf8 31. Rf1 Rxf1+ 32. Bxf1 Kf7 33. b5 a5 34. Nd5 Kg6 35. Ne3 Kg5 36. Nc4 Ra2 37. Nxa5 Kf4 38. Nxb7 Kf3 39. Kg1 g3 40. Nxd6 g2 41. Bxg2+ Rxg2+ 42. Kf1 Ra2 43. Kg1 Rg2+ 44. Kf1 Ra2 45. Ke1 Ke3 46. Kf1 Kf3 47. Ke1 Ke3 48. Nf5+ Kxd3 49. b6 Rxa4 50. b7 Ra1+ 51. Kf2 Rb1 52. Nd6 Kxc3 53. Ke3 Rb3 54. Kf3 Kd4+ 55. Kg4 Kc5 56. Nf7 Rxb7 57. Nxe5 Kd4 58. Kf4 Rb1 1/2-1/2

[Event "Havana Guevara Memorial 1st"]
[Site "Havana"]
[Date "2007.06.08"]
[Round "5"]
[White "Larrua Gonzalez, Fernando Oscar"]
[Black "Rodriguez Hidalgo, Joan G"]
[Result "1-0"]
[WhiteElo "2245"]
[BlackElo "2132"]
[PlyCount "97"]
[EventDate "2007.06.04"]
[EventType "tourn"]
[EventRounds "11"]
[EventCountry "CUB"]
[SourceTitle "EXT 2019"]
[Source "ChessBase"]
[SourceDate "2018.10.10"]
[SourceVersion "1"]
[SourceVersionDate "2018.10.10"]
[SourceQuality "1"]

1. e4 c5 2. Nf3 e6 3. d4 cxd4 4. Nxd4 Nc6 5. Nc3 d6 6. Be2 Nf6 7. 0-0 Be7 8. Kh1 0-0 9. f4 e5 10. Nf3 Bg4 11. Be3 Bxf3 12. Bxf3 exf4 13. Bxf4 Ne5 14. Qd4 Qb8 15. Rad1 Rd8 16. Be2 Ng6 17. Bg5 Qc8 18. Bxf6 Bxf6 19. Rxf6 gxf6 20. Nd5 Qe6 21. Rf1 Qe5 22. Qe3 Kh8 23. Nxf6 Rg8 24. Nxg8 Kxg8 25. Bc4 Rf8 26. Bd5 b6 27. c3 Kg7 28. Rf5 Qe7 29. Rh5 Rh8 30. Qh6+ Kg8 31. Rf5 Ne5 32. Rg5+ Ng6 33. h4 Qf8 34. Qh5 Kg7 35. Qg4 h5 36. Rxh5 Rxh5 37. Qxh5 Qe7 38. g3 Qf6 39. Kg2 Ne5 40. b3 Qh6 41. Qxh6+ Kxh6 42. Kh3 f6 43. g4 Nd3 44. Kg3 Nc1 45. a4 Ne2+ 46. Kf3 Nxc3 47. Ke3 b5 48. Kd4 b4 49. a5 1-0